000
00317nam a22001337a 4500
008
170202b xxu||||| |||| 00| 0 eng d
020
_a
9789951585101
041
_a
eng
080
_a
61
100
_a
3
101
_a
SHM
245
_a
TRANSITION IN HALTH AND HEALTH CARE IN KOSOVO
_c
ARENLIU FATIME
942
_2
udc
_c
BK
999
_c
4277
_d
4277